000 00272nam a22001217a 4500
008 170406b xxu||||| |||| 00| 0 eng d
041 _aeng
080 _a616.15
100 _a9
101 _aSHM
245 _aNEW DISCOVERIES IN HEMATOLOGY
_cMCDONALD, H.G
942 _2udc
_cBK
999 _c9924
_d9924